Descentralización y desarrollo local : una mirada a los procesos de descentralización y de desarrollo local en América Latina / Roy Rivera ... [et al.] una mirada a los procesos de descentralización y de desarrollo local en América Latina / Roy Rivera ... [et al.]
ISBN:
99923-33-17-0
Descripción Física:
373 p. ; 21 cm
Otros Autores:
Rivera, Roy
MARC
| LEADER | 00000nam a2200000Ia 4500 | ||
|---|---|---|---|
| 001 | 19216 | ||
| 008 | 160829s2003 xx 000 0 cat d | ||
| 020 | |a 99923-33-17-0 | ||
| 080 | |a M-4-366 | ||
| 245 | |a Descentralización y desarrollo local : |b una mirada a los procesos de descentralización y de desarrollo local en América Latina / Roy Rivera ... [et al.] | ||
| 260 | |a El Salvador : |b FLACSO Programa El Salvador, |c 2003 | ||
| 300 | |a 373 p. ; |c 21 cm | ||
| 650 | |a Desenvolupament comunitari |x Amèrica Llatina |9 45321 | ||
| 650 | |a Descentralització administrativa |x Amèrica Llatina |9 45322 | ||
| 700 | |a Rivera, Roy |9 45323 | ||
| 901 | |a Arxiu | ||
| 942 | |n 1 | ||
| 952 | |0 0 |1 0 |4 0 |6 M4366 |7 1 |9 52507 |a Arxiu |b Arxiu |d 2016-12-01 |l 0 |o M-4-366 |p 19216 |r 2016-12-01 00:00:00 |w 2016-12-01 |y ARXIU | ||
| 999 | |c 56355 |d 56355 | ||